Franz Christian Brunatti

Titel: Franz Christian Brunatti / Rainer Brunath
Verfasser:
In: Ostdeutsche Gedenktage, (2010), Seite 48-52
alle Artikel anzeigen
Veröffentlicht: 2010
Format: Aufsatz
Sprache: Deutsch
Schlagworte:
Kein Bild verfügbar
X
alg: 43292104
001A    $03025:22-06-18 
001B    $03025:25-06-18 $t12:02:57.000 
001C    $03025:22-06-18 $t12:49:20.000 
001D    $03025:22-06-18 
001U    $0utf8 
001X    $00 
002@    $0Aou 
002C    $aText $btxt $2rdacontent 
002D    $aohne Hilfsmittel zu benutzen $bn $2rdamedia 
002E    $aBand $bnc $2rdacarrier 
003@    $0432921044 
007A    $0432921044 $aHEB 
010@    $ager 
010E    $erda 
011@    $a2010 
021A    $aFranz Christian Brunatti $hRainer Brunath 
028A    $BVerfasser $#Brunath, Rainer $4aut $7104161490X $8Brunath, Rainer F.$Z1940- [Tp3] $9331205319 
031A    $h48-52 $j2010 
039B    $aEnthalten in $8--Abvc--. Ostdeutsche Gedenktage. - Bonn : Kulturstiftung der Vertriebenen, 1965-[2018] $x201000000000000952 $9047761881 
044K    $#Brunatti, Franciscus Christianus $#Brunatti, Franziskus Christian $#Brunatti, Franz C. $7103135626 $8Brunatti, Franz Christian$Z1768-1835 [Tp1] $9138578508 
044K    $#Danzig $#Ville Libre de Danzig $#Dantzig $#Ville Libre de Dantzig $#Freistaat Danzig $#Gdańsk $#Freie Stadt Danzig $#Urząd Miejski w Gdańsku $#Gyddanzyc $#Gedanum $#Dantiscum $74011039-4 $8Danzig [Tg1] $9085022225 
044K    $RFacharzt $RGynäkologin $#Gynecologists $#Gynécologues $#Ginecologi $#Ginecólogos $#Gynecologists $#Frauenarzt $#Geburtshelfer Facharzt $#Facharzt für Frauenheilkunde und Geburtshilfe $74113816-8 $8Gynäkologe [Ts1] $9085338001 
045F    $a610.9438209033 $eDDC22BSB 
045F/01 $a610.9 
045F/01 $f032 
045F/03 $f033 
045F/03 $g4382 
045R    $aGeschichte 1768-1835 
045T    $a8,1 

lok: 43292104 78

exp: 43292104 78 1 #EPN
201B/01 $003-07-18 $t08:26:57.000 
201C/01 $022-06-18 
201U/01 $0utf8 
203@/01 $01023764113 
208@/01 $a22-06-18 $be 
209A/01 $a/ $f000 $x00 
209A/01 $ab*p $x01 
209S/01 $uhttps://kulturportal-west-ost.eu/biographien/brunatti-franz-christian-2 $XH 
220C/01 $awma 
244Z/01 $#Preußen $#Preußen $#Brandenburg-Preußen $#Königreich Preußen $#Preußische Staaten $#Preußischer Staat $#Der @Preußische Staat $#Königlich Preußische Staaten $#Prusy Królewskie $#Königlich Preußen $#Prussia $74047194-9 $8--Tg1--Preußen $x01 $9085131652 
247C/01 $82080>Marburg/Lahn, Herder-Institut, Forschungsbibliothek, Bibliographieportal $9336309341
LEADER 00000caa a2200000 c 4500
001 432921044
003 DE-603
005 20180625120257.0
007 tu
008 180622s2010 xx |||| | u00||u|ger c
035 |a (DE-599)HEB432921044 
040 |a DE-603  |b ger  |c DE-603  |d DE-603  |e rda 
041 |a ger 
082 0 4 |8 1\u  |a 610.9438209033  |q DE-101  |2 22/BSB 
084 |a 8,1  |2 ssgn 
085 |8 1\u  |b 610.9 
085 |8 1\u  |z 1  |s 033 
085 |8 1\u  |z 2  |s 4382 
100 1 |a Brunath, Rainer F.  |d 1940-  |e Verfasser  |4 aut  |0 (DE-603)331205319  |0 (DE-588)104161490X  |2 gnd 
245 0 0 |a Franz Christian Brunatti  |c Rainer Brunath 
264 0 |c 2010 
336 |a Text  |b txt  |2 rdacontent 
337 |a ohne Hilfsmittel zu benutzen  |b n  |2 rdamedia 
338 |a Band  |b nc  |2 rdacarrier 
600 1 7 |a Brunatti, Franz Christian  |d 1768-1835  |0 (DE-588)103135626  |0 (DE-603)138578508  |2 gnd 
648 7 |a Geschichte 1768-1835  |2 gnd 
650 7 |a Gynäkologe  |0 (DE-588)4113816-8  |0 (DE-603)085338001  |2 gnd 
651 7 |a Danzig  |0 (DE-588)4011039-4  |0 (DE-603)085022225  |2 gnd 
773 0 8 |i Enthalten in  |t Ostdeutsche Gedenktage  |d Bonn : Kulturstiftung der Vertriebenen, 1965-[2018]  |g (2010), Seite 48-52  |w (DE-603)047761881  |w (DE-600)521278-9 
924 0 |9 2080  |a (DE-603)1023764113  |b DE-2080  |c HES  |d d  |g /  |k https://kulturportal-west-ost.eu/biographien/brunatti-franz-christian-2